000
003240000a22001450004500
001
005557
003
MACL
040
_a
MACL
090
_c
17550
_d
17549
245
_a
Kitab Boo zarsaf blohar
_b
Ghani Abdul
260
_a
Matba Shamsiya Hyderabad De,
_c
1899
350
_a
2.00
650
_a
Urdu Literature
942
_k
891
_c
Book
999
_c
17439
_d
17439